[Event "Doeberl Cup 47th"]
[Site "Canberra"]
[Date "2009.04.10"]
[Round "3"]
[White "Nguyen, Thu Giang"]
[Black "West, Guy"]
[Result "1/2-1/2"]
[WhiteElo "2105"]
[BlackElo "2343"]
[PlyCount "116"]
[EventDate "2009.04.09"]
[EventType "swiss"]
[EventRounds "9"]
[EventCountry "AUS"]
[SourceTitle "CBM 129 Extra"]
[Source "ChessBase"]
[SourceDate "2009.05.05"]
[SourceVersion "2"]
[SourceVersionDate "2009.05.20"]
[SourceQuality "1"]

1. e4 e6 2. d4 d5 3. Nc3 dxe4 4. Nxe4 Nd7 5. Nf3 Ngf6 6. Bd3 Nxe4 7. Bxe4 Nf6 8. Bd3 c5 9. 0-0 Qc7 10. Qe2 Bd7 11. a3 Bd6 12. dxc5 Qxc5 13. c4 Bc6 14. h3 0-0 15. Re1 Rfd8 16. Ng5 Qe5 17. Qxe5 Bxe5 18. Be2 Nd7 19. Bf3 Rac8 20. Rb1 Bxf3 21. Nxf3 Rxc4 22. Nxe5 Nxe5 23. Bg5 Rd5 24. Be3 Nc6 25. Rbc1 Rxc1 26. Rxc1 f6 27. Kf1 Kf7 28. b4 a6 29. a4 Ke8 30. Rb1 Kd7 31. g4 h5 32. Kg2 hxg4 33. hxg4 Ne7 34. Rh1 Ke8 35. Rh8+ Kf7 36. Rh1 Rd3 37. Rh8 Rb3 38. Bc5 Nd5 39. Rb8 b6 40. Rb7+ Kg8 41. Bd6 Nxb4 42. Rxb6 a5 43. Rb5 e5 44. Bc7 Ra3 45. Rxa5 Nd3 46. Bb6 Nf4+ 47. Kh2 Rh3+ 48. Kg1 Rh4 49. Ra8+ Kf7 50. Ra7+ Kg6 51. f3 e4 52. fxe4 Rxg4+ 53. Kf2 Nd3+ 54. Ke3 Ne5 55. Bc5 Rg3+ 56. Ke2 Rg4 57. Ke3 Rg3+ 58. Ke2 Rg4 1/2-1/2

[Event "Doeberl Cup 47th"]
[Site "Canberra"]
[Date "2009.04.10"]
[Round "4"]
[White "West, Guy"]
[Black "Bird, Andrew"]
[Result "1/2-1/2"]
[WhiteElo "2343"]
[BlackElo "2164"]
[PlyCount "108"]
[EventDate "2009.04.09"]
[EventType "swiss"]
[EventRounds "9"]
[EventCountry "AUS"]
[SourceTitle "CBM 129 Extra"]
[Source "ChessBase"]
[SourceDate "2009.05.05"]
[SourceVersion "2"]
[SourceVersionDate "2009.05.20"]
[SourceQuality "1"]

1. d4 d5 2. Nf3 Nf6 3. c4 c6 4. e3 Bg4 5. h3 Bxf3 6. Qxf3 e6 7. Nc3 Bb4 8. Bd3 0-0 9. 0-0 Nbd7 10. cxd5 cxd5 11. Bd2 Rc8 12. a3 Be7 13. Rad1 Nb6 14. e4 dxe4 15. Nxe4 Nbd5 16. Bb1 Qb6 17. Bc1 Nxe4 18. Qxe4 g6 19. Rd3 Rfd8 20. Rfd1 Rd7 21. Qf3 Rdc7 22. Bh6 Bf8 23. Rb3 Qd6 24. Bd2 Bg7 25. Qe4 Qe7 26. Rd3 Qf6 27. h4 Qf5 28. Qe2 Nf4 29. Bxf4 Qxf4 30. g3 Qf6 31. h5 Rd7 32. hxg6 hxg6 33. Qe4 Rc4 34. Ba2 Rcxd4 35. Rxd4 Rxd4 36. Rxd4 Qxd4 37. Qxb7 Qxb2 38. Qxb2 Bxb2 39. a4 Kg7 40. a5 Kf6 41. a6 Ke5 42. Bc4 g5 43. Kf1 Kd4 44. Bb5 g4 45. Ke2 Ke4 46. Bc6+ Ke5 47. Be8 f5 48. Bd7 Kf6 49. Bc8 Bd4 50. Bd7 e5 51. Bc8 Kg5 52. Kf1 f4 53. gxf4+ exf4 54. f3 gxf3 1/2-1/2

[Event "Queenstown op"]
[Site "Queenstown"]
[Date "2009.01.24"]
[Round "10"]
[White "West, Guy"]
[Black "Brown, Andrew"]
[Result "1/2-1/2"]
[WhiteElo "2346"]
[BlackElo "1987"]
[PlyCount "116"]
[EventDate "2009.01.15"]
[EventType "swiss"]
[EventRounds "10"]
[EventCountry "NZL"]
[SourceTitle "CBM 128 Extra"]
[Source "ChessBase"]
[SourceDate "2009.03.05"]
[SourceVersion "2"]
[SourceVersionDate "2009.03.25"]
[SourceQuality "1"]

1. d4 Nf6 2. c4 g6 3. Nc3 Bg7 4. e4 d6 5. f4 0-0 6. Nf3 c5 7. d5 e6 8. dxe6 fxe6 9. Bd3 a6 10. 0-0 Nc6 11. f5 exf5 12. exf5 Bxf5 13. Bxf5 gxf5 14. Nh4 Ng4 15. Nxf5 Rxf5 16. Rxf5 Qh4 17. h3 Bd4+ 18. Kh1 Nf2+ 19. Rxf2 Qxf2 20. Ne4 Qf5 21. Qe2 Qg6 22. Bf4 Re8 23. Re1 Re6 24. Bxd6 Rxd6 25. Nxd6 Qxd6 26. Qg4+ Bg7 27. Qc8+ Bf8 28. Qxb7 Ne5 29. Qe4 Bg7 30. b3 h6 31. Qf5 a5 32. Qc8+ Kh7 33. Qf5+ Kg8 34. Qh5 Qd4 35. Qe2 Qd3 36. Qh5 Qd4 37. Qf5 Qd6 38. Qe4 Qd2 39. Re2 Qd3 40. Qxd3 Nxd3 41. g3 Kf7 42. Kg2 Bd4 43. Kf3 Ne5+ 44. Ke4 Ke6 45. g4 a4 46. Rg2 a3 47. h4 Nc6 48. g5 hxg5 49. hxg5 Nb4 50. Kf4 Kf7 51. Kf5 Bb2 52. g6+ Kf8 53. Rd2 Nxa2 54. Rd8+ Ke7 55. Ra8 Nc1 56. Ra7+ Kf8 57. Ra8+ Ke7 58. Ra7+ Kf8 1/2-1/2

[Event "Australian Masters"]
[Site "Melbourne"]
[Date "2008.12.13"]
[Round "8"]
[White "Cheng, Bobby Sky"]
[Black "West, Guy"]
[Result "1/2-1/2"]
[WhiteElo "2088"]
[BlackElo "2342"]
[PlyCount "104"]
[EventDate "2008.12.06"]
[EventType "tourn"]
[EventRounds "9"]
[EventCountry "AUS"]
[SourceTitle "EXT 2023"]
[Source "ChessBase"]
[SourceDate "2022.10.05"]
[SourceVersion "1"]
[SourceVersionDate "2022.10.05"]
[SourceQuality "1"]

1. d4 Nf6 2. c4 e6 3. Nf3 Bb4+ 4. Nbd2 0-0 5. a3 Bxd2+ 6. Bxd2 Ne4 7. Qc2 Nxd2 8. Qxd2 d6 9. e3 Nd7 10. Be2 e5 11. Qc2 Re8 12. 0-0 Nf6 13. d5 Bg4 14. Ne1 e4 15. Bxg4 Nxg4 16. h3 Nh6 17. Rd1 Nf5 18. Qe2 Re5 19. g3 Qg5 20. Kh2 Rae8 21. Nc2 Qh6 22. b4 Ne7 23. Kg2 Qg6 24. Nd4 h5 25. Kh2 Nf5 26. Nxf5 Rxf5 27. c5 Ree5 28. c6 bxc6 29. dxc6 Rf3 30. a4 Rg5 31. Rg1 d5 32. Qc2 h4 33. g4 Qd6+ 34. Kg2 Qxb4 35. Rd4 Qe7 36. Rb1 Qe6 37. Qd1 Re5 38. Rb5 Qxc6 39. Rdxd5 Rxd5 40. Qxd5 Qxd5 41. Rxd5 Rf6 42. Ra5 a6 43. Rc5 Rb6 44. Rxc7 Rb4 45. a5 Ra4 46. Rc8+ Kh7 47. Rc5 f6 48. g5 Kg6 49. gxf6 gxf6 50. Kf1 Ra1+ 51. Kg2 Ra2 52. Kf1 Ra1+ 1/2-1/2

[Event "Australian Masters"]
[Site "Melbourne"]
[Date "2008.12.12"]
[Round "7"]
[White "West, Guy"]
[Black "Gorka, Carl"]
[Result "1/2-1/2"]
[WhiteElo "2342"]
[BlackElo "2184"]
[PlyCount "46"]
[EventDate "2008.12.06"]
[EventType "tourn"]
[EventRounds "9"]
[EventCountry "AUS"]
[SourceTitle "EXT 2023"]
[Source "ChessBase"]
[SourceDate "2022.10.05"]
[SourceVersion "1"]
[SourceVersionDate "2022.10.05"]
[SourceQuality "1"]

1. d4 d5 2. Nf3 e6 3. c4 c6 4. Nc3 Nf6 5. e3 Nbd7 6. Qc2 Be7 7. Bd3 dxc4 8. Bxc4 b5 9. Bd3 Bb7 10. 0-0 a6 11. e4 c5 12. e5 Nd5 13. Nxd5 Bxd5 14. Be4 Nb6 15. dxc5 Bxc5 16. Qxc5 Bxe4 17. Bg5 f6 18. exf6 gxf6 19. Rfe1 Bd5 20. Nd4 Kf7 21. Be3 Nc4 22. b3 Ne5 23. Rad1 Qc8 1/2-1/2